ICT & primary mathematics / (رقم التسجيلة. 32611)
[ عرض عادي ]
| 000 -الفاتح | |
|---|---|
| حقل البيانات ثابتة الطول | 01280cam a2200313 a 4500 |
| 001 - رقم الضبط | |
| رقم الضبط | 13451266 |
| 003 - محدد رقم الضبط | |
| رقم الضبط | OSt |
| 005 - وقت وتاريخ اخر تعامل مع التسجيلة | |
| رقم الضبط | 20150408114157.0 |
| 008 - عناصر البيانات ثابتة الطول - معلومات عامة | |
| حقل البيانات ثابتة الطول | 040107s2004 enka 000 0 eng |
| 010 ## - رقم ضبط مكتبة الكونجرس | |
| رقم ضبط مكتبة الكونجرس | 2004000258 |
| 020 ## - الرقم الدولى المعيارى للكتب | |
| الرقم الدولى المعيارى للكتاب | 0415369592 (pbk. : alk. paper) |
| 040 ## - مصدر الفهرسة | |
| وكالة الفهرسة الأصلية | DLC |
| وكالة النسخ | DLC |
| وكالة التعديل | DLC |
| 050 00 - رقم طلب مكتبة الكونجرس | |
| رقم التصنيف | QA20.C65 |
| رقم المادة | W55 2004 |
| 082 00 - رقم تصنيف ديوى العشرى | |
| رقم التصنيف | 372.7044 |
| رقم الطبعة | 22 |
| رقم المادة | WJI |
| 100 1# - المدخل الرئيسى - إسم شخصى | |
| الإسم الشخصى | Williams, John, |
| التواريخ المصاحبة للاسم | 1936- |
| 9 (RLIN) | 41008 |
| 245 10 - بيان العنوان | |
| العنوان | ICT & primary mathematics / |
| بيان المسئوليه,etc | John Williams and Nick Easingwood. |
| 246 3# - العنوان الموازى | |
| عنوان صحيح/عنوان مختصر | ICT and primary mathematics |
| 260 ## - PUBLICATION, DISTRIBUTION, ETC. (IMPRINT) | |
| مكان الناشر او الموزع | London ; |
| -- | New York : |
| اسم الناشر او الموزع | RoutledgeFalmer, |
| تاريخ النشر أو التوزيع | 2004. |
| 300 ## - الوصف المادى | |
| التعداد | xvi, 201 p. : |
| تفاصيل ماديه اخرى للوعاء | ill. ; |
| أبعاد الوعاء | 25 cm. |
| 650 #0 - المدخل الاضافى بالموضوع-مصطلح موضوعى | |
| مصطلح موضوعي أو اسم جغرافي كعنصر مدخل | Mathematics |
| التقسيم الفرعي العام | Computer-assisted instruction. |
| 9 (RLIN) | 41009 |
| 650 #0 - المدخل الاضافى بالموضوع-مصطلح موضوعى | |
| مصطلح موضوعي أو اسم جغرافي كعنصر مدخل | Mathematics |
| التقسيم الفرعي العام | Study and teaching (Primary) |
| -- | Data processing. |
| 9 (RLIN) | 41010 |
| 650 #0 - المدخل الاضافى بالموضوع-مصطلح موضوعى | |
| مصطلح موضوعي أو اسم جغرافي كعنصر مدخل | Educational technology. |
| 9 (RLIN) | 39997 |
| 700 1# - المدخل الاضافى - اسم شخصى | |
| الإسم الشخصى | Easingwood, Nick. |
| 9 (RLIN) | 41011 |
| 856 41 - الوصول و الموقع الالكترونى | |
| مواد محددة | Table of contents only |
| معرف المصدر الموحد | <a href="http://www.loc.gov/catdir/toc/ecip0413/2004000258.html">http://www.loc.gov/catdir/toc/ecip0413/2004000258.html</a> |
| 856 42 - الوصول و الموقع الالكترونى | |
| مواد محددة | Publisher description |
| معرف المصدر الموحد | <a href="http://www.loc.gov/catdir/enhancements/fy0651/2004000258-d.html">http://www.loc.gov/catdir/enhancements/fy0651/2004000258-d.html</a> |
| 906 ## - عنصر بيانات محلى F, LDF (RLIN) | |
| a | 7 |
| b | cbc |
| c | orignew |
| d | 1 |
| e | ecip |
| f | 20 |
| g | y-gencatlg |
| 942 ## - عناصر المدخل الإضافي( كوها) | |
| مصدر التصنيف او مخطط الترفيف | Dewey Decimal Classification |
| Koha [default] item type | كتاب |
| حالة الفقد | نموذج السعر الفعال | حالة تلف | ليس للاعارة | رقم الطلب | تاريخ الاكتساب | الموقع الحالي | الباركود | الفرع الرئيسي | Date last seen | نوع المادة فى نظام كوها | مصدر التصنيف او خطة الترفيف | Total Checkouts |
|---|---|---|---|---|---|---|---|---|---|---|---|---|
| 2013-12-13 | 372.7044 WJI | 2013-12-13 | المكتبة المركزية بالمجمعة (CL) | 00453267 | المكتبة المركزية بالمجمعة (CL) | 2013-12-13 | كتاب | Dewey Decimal Classification | ||||
| 2013-12-13 | 372.7044 WJI | 2013-12-13 | المكتبة المركزية بالمجمعة (CL) | 00453268 | المكتبة المركزية بالمجمعة (CL) | 2013-12-13 | كتاب | Dewey Decimal Classification | ||||
| 2013-12-13 | 372.7044 WJI | 2013-12-13 | المكتبة المركزية بالمجمعة (CL) | 00453269 | المكتبة المركزية بالمجمعة (CL) | 2013-12-13 | كتاب | Dewey Decimal Classification | ||||
| 2013-12-13 | 372.7044 WJI | 2013-12-13 | مكتبة مجمع الكليات بالزلفى - طلاب (SZM) | 00453270 | مكتبة مجمع الكليات بالزلفى - طلاب (SZM) | 2013-12-13 | كتاب | Dewey Decimal Classification | ||||
| 2013-12-13 | 372.7044 WJI | 2013-12-13 | مكتبة مجمع الكليات بالزلفى - طلاب (SZM) | 00453271 | مكتبة مجمع الكليات بالزلفى - طلاب (SZM) | 2013-12-13 | كتاب | Dewey Decimal Classification | ||||
| 2013-12-13 | 372.7044 WJI | 2013-12-13 | مكتبة مجمع الكليات بالزلفى - طلاب (SZM) | 00453272 | مكتبة مجمع الكليات بالزلفى - طلاب (SZM) | 2013-12-13 | كتاب | Dewey Decimal Classification |
